La Lépreuse (Record no. 171899)

MARC details
000 -LEADER
campo de control de longitud fija 00740nam a2200229 i 4500
001 - NÚMERO DE CONTROL
campo de control 171899
003 - IDENTIFICADOR DE NÚMERO DE CONTROL
campo de control ES-MaACL
005 - FECHA Y HORA DE LA ÚLTIMA TRANSACCIÓN
campo de control 20230906214747.0
007 - CAMPO FIJO DE DESCRIPCIÓN FÍSICA--INFORMACIÓN GENERAL
campo de control de longitud fija t|
008 - DATOS DE LONGITUD FIJA--INFORMACIÓN GENERAL
campo de control de longitud fija 090605s1912 fr ||||1| fre d
080 ## - NÚMERO DE LA CLASIFICACIÓN DECIMAL UNIVERSAL
Número de la Clasificación Decimal Universal 782.1
100 1# - ENTRADA PRINCIPAL--NOMBRE DE PERSONA
Nombre de persona Bataille, Henry.
9 (RLIN) 26392
245 13 - MENCIÓN DEL TÍTULO
Título La Lépreuse
Resto del título : tragédie légendaire en trois actes /
Mención de responsabilidad, etc. poème de Henry Bataille ; musique de Sylvio Lazzari.
260 ## - PUBLICACIÓN, DISTRIBUCIÓN, ETC.
Lugar de publicación, distribución, etc. París :
Nombre del editor, distribuidor, etc. Max Eschig,
Fecha de publicación, distribución, etc. 1912.
300 ## - DESCRIPCIÓN FÍSICA
Extensión 76 p. ;
Dimensiones 18 cm.
490 1# - MENCIÓN DE SERIE
Mención de serie Livrets complets
650 #4 - PUNTO DE ACCESO ADICIONAL DE MATERIA--TÉRMINO DE MATERIA
Término de materia o nombre geográfico como elemento de entrada Óperas-
Subdivisión de forma Libretos.
9 (RLIN) 137584
700 0# - ENTRADA AGREGADA--NOMBRE PERSONAL
Nombre de persona Lazzari, Sylvio.
9 (RLIN) 70826
830 0# - PUNTO DE ACCESO ADICIONAL DE SERIE-TÍTULO UNIFORME
Título uniforme Livrets complets
9 (RLIN) 223229
852 4# - LOCALIZACIÓN
Ubicación ES-MaACL
Número de control de estantería E-12667
itemnumber R.140267
Nota libre . - Biblioteca Jacinto Martínez Lacalle
Holdings
Estatus retirado Estado de pérdida Estado de daño No para préstamo Biblioteca de origen Biblioteca actual Ubicación en estantería Fecha de adquisición Fuente de adquisición Total de préstamos Signatura topográfica completa Código de barras Visto por última vez Precio de reemplazo Tipo de ítem Koha
        Biblioteca del Ateneo de Madrid Biblioteca del Ateneo de Madrid Depósito 2 05/06/2009     E-12667 1180403 23/02/2023 23/02/2023 Libro impreso